000 00258 a2200121 4500
001 146468
040 _cEscola São Tomás de Aquino
100 _aPEDRO, Maria
240 1 0 _aHaendel
_lpor
245 1 0 _aHaendel
697 _a*LITERATURA INFANTO
942 _cBK
999 _c146468
_d146468